Led Zeppelin Songs Using Any Word - Statistics

General Stats
  • This quiz has been taken 1,937 times
    1,913 since last reset
  • The average score is 53 of 81
Answer Stats
Answer % Correct
I Can't Quit You Baby
96%
I Can't Quit You Baby
96%
Living Loving Maid (She's Just a Woman)
96%
The Lemon Song
96%
The Rain Song
95%
The Song Remains the Same
95%
The Wanton Song
95%
Fool in the Rain
94%
Houses of the Holy
94%
Over the Hills and Far Away
94%
Stairway to Heaven
94%
The Battle of Evermore
94%
When the Levee Breaks
94%
In the Evening
93%
In the Light
93%
Out on the Tiles
93%
The Ocean
92%
Down by the Seaside
91%
That's the Way
91%
The Crunge
91%
The Rover
91%
Babe I'm Gonna Leave You
90%
In My Time of Dying
88%
Going to California
87%
What Is and What Should Never Be
87%
All My Love
86%
Bron-Y-Aur-Stomp
86%
Rock and Roll
85%
Hats Off to (Roy) Harper
84%
Since I've Been Loving You
83%
Whole Lotta Love
83%
You Shook Me
83%
Black Dog
82%
Dazed and Confused
81%
Immigrant Song
81%
Thank You
81%
Bring It On Home
77%
Black Country Woman
76%
Black Mountain Side
75%
Hots On for Nowhere
75%
Your Time Is Gonna Come
75%
Ramble On
74%
Wearing and Tearing
73%
For Your Life
64%
Kashmir
63%
No Quarter
59%
Hot Dog
58%
Tea for One
58%
Good Times Bad Times
57%
Candy Store Rock
56%
How Many More Times
53%
I'm Gonna Crawl
53%
Misty Mountain Hop
52%
Achilles Last Stand
46%
Ozone Baby
46%
Communication Breakdown
45%
Four Sticks
44%
Heartbreaker
44%
Celebration Day
43%
D'yer Mak'er
43%
Nobody's Fault but Mine
43%
Moby Dick
39%
Tangerine
38%
Ten Years Gone
37%
We're Gonna Groove
37%
Bron-Yr-Aur
36%
Trampled Under Foot
36%
Boogie with Stu
35%
Custard Pie
33%
Gallows Pole
33%
Friends
32%
Night Flight
32%
Dancing Days
30%
Carouselambra
25%
Sick Again
25%
Bonzo's Montreux
23%
Royal Orleans
21%
Poor Tom
20%
South Bound Saurez
20%
Walter's Walk
20%
Darlene
18%
No matching quizzes found
Score Distribution
Percent of People with Each Score
Percentile by Number Answered
Your Score History
You have not taken this quiz since the last reset